| 000 | 00630nab a2200193 a 4500 | ||
|---|---|---|---|
| 005 | 20250606063819.0 | ||
| 008 | 991125s1985 mx 000 0 spa u | ||
| 035 | _aUPN01000153679 | ||
| 100 | 1 | _aTUTS, Martina | |
| 222 | _aREVISTA DE EDUCACION | ||
| 245 | _aLas lenguas como elementos de cohesión social : del multilingüísmo al desarrollo de habilidades para la comunicación intercultural | ||
| 260 | _aMadrid, España | ||
| 300 | _a35-54 | ||
| 362 | 0 | _a2007 No. 343, may.-ago. | |
| 650 | 4 |
_aMultilingüísmo _913871 |
|
| 650 | 4 | _aCOHESION SOCIAL | |
| 650 | 2 |
_aComunicación intercultural _911458 |
|
| 905 | _aArticulo | ||
| 999 |
_c125800 _d125800 |
||